| 000 | 00754cam a22002291 4500 | ||
|---|---|---|---|
| 001 | gs 13000482 | ||
| 003 | DLC | ||
| 005 | 20260227111314.0 | ||
| 008 | 780919s1913 dcufb b f000 0 eng c | ||
| 010 | _ags 13000482 | ||
| 035 | _a(OCoLC)4234322 | ||
| 040 |
_aU.S. Geol. Survey. Library _cTxU _dDLC |
||
| 042 | _apremarc | ||
| 050 | 0 | 0 |
_aTN24.A4 _bM15 |
| 100 | 1 |
_aMaddren, A. G. _q(Alfred Geddes), _d1875- |
|
| 245 | 1 | 4 |
_aThe Koyukuk-Chandalar region, Alaska, _cby A.G. Maddren. |
| 260 |
_aWashington, _bGovt. Print. Off., _c1913. |
||
| 300 |
_a119, vii p. _b7 pl., 2 fold. maps (in pocket) _c23 cm. |
||
| 410 | 2 | 0 |
_aGeological Survey (U.S.). _tBulletin _v532 |
| 504 | _a"Recent Survey publications on Alaska": p. i-viii. | ||
| 650 | 0 |
_aGeology _zAlaska. |
|
| 999 |
_c25274 _d25274 |
||